000 00285nam a2200109Ia 4500
008 220204s9999 xx 000 0 und d
082 _a658.85
_bABD
100 _aAbdul Aziz, T
245 0 _aSalesman and receptionist
260 _aTrivandrum
_bState Inst of Languages
_c1974
942 _cBK
999 _c22837
_d22837